|
|
|
|
| LEADER |
00863naa a2200217 i 4500 |
| 001 |
acta65995 |
| 005 |
20260312103349.0 |
| 008 |
191220s2005 hu o 100 hun d |
| 020 |
|
|
|a 963 7356 11 8
|
| 040 |
|
|
|a SZTE Egyetemi Kiadványok Repozitórium
|b hun
|
| 041 |
|
|
|a hun
|
| 245 |
0 |
2 |
|a A zenei nyelv és a társadalmi igény kölcsönhatása
|h [elektronikus dokumentum] :
|b tanulmánykötet
|
| 260 |
|
|
|a Juhász Gyula Pedagógusképző Kar Ének-Zene Tanszék
|b Szeged
|c 2005
|
| 300 |
|
|
|a 144
|
| 490 |
0 |
|
|a Nemzetközi Zenei Konferencia
|v 5
|
| 650 |
|
4 |
|a Bölcsészettudományok
|
| 650 |
|
4 |
|a Művészetek (művészetek, művészettörténet, előadóművészetek, zene)
|
| 695 |
|
|
|a Zenetörténet - tanulmányok
|
| 700 |
0 |
1 |
|a Dombi Józsefné
|
| 700 |
0 |
1 |
|a Maczelka Noémi
|
| 856 |
4 |
0 |
|u http://acta.bibl.u-szeged.hu/65995/1/enek_zene_tanszek_2005.pdf
|z Dokumentum-elérés
|